000 00432pab a2200157 454500
008 180718b2010 xxu||||| |||| 00| 0 eng d
100 _aBreslin, Shaun
245 _aThe end of the world as we know it? Li Minqi, China and the death of capitalism (a review article)
260 _c2010
300 _ap.144-54.
362 _aFeb
650 _aCapitalism
773 _aJournal of Contemporary Asia
908 _aN
909 _a86083
999 _c86083
_d86083